[Event "ESP-chT Regional U16"]
[Site "Gijon"]
[Date "2021.06.20"]
[Round "6.4"]
[White "Portela Medrano, Carmen"]
[Black "Garcia Fernandez, Alejandra"]
[Result "1-0"]
[WhiteElo "1159"]
[BlackElo "1208"]
[PlyCount "91"]
[EventDate "2021.06.17"]
[EventType "team-swiss"]
[EventRounds "6"]
[EventCountry "ESP"]
[SourceTitle "EXT 2022"]
[Source "ChessBase"]
[SourceDate "2021.10.06"]
[SourceVersion "1"]
[SourceVersionDate "2021.10.06"]
[SourceQuality "1"]
[WhiteTeam "Galicia U16"]
[BlackTeam "Asturias U16"]
[WhiteTeamCountry "ESP"]
[BlackTeamCountry "ESP"]

1. e4 e5 2. Nf3 Nc6 3. Bb5 Nd4 4. Ba4 Nxf3+ 5. Qxf3 Nf6 6. 0-0 Bc5 7. d3 c6 8. Re1 d6 9. Bb3 Be6 10. h3 h6 11. Nd2 Qb6 12. Nc4 Bxc4 13. Bxc4 Rf8 14. Bb3 0-0-0 15. Be3 Bxe3 16. fxe3 Kb8 17. c3 d5 18. exd5 Nxd5 19. Kh1 f6 20. d4 Ka8 21. Qg3 exd4 22. exd4 g5 23. Bxd5 cxd5 24. b4 Rfe8 25. Qf3 a6 26. Rxe8 Rxe8 27. Qxd5 Qc6 28. Qxc6 bxc6 29. a4 Kb7 30. Rf1 Rf8 31. Rf5 Re8 32. d5 Re1+ 33. Kh2 cxd5 34. Rxd5 Rc1 35. Rc5 h5 36. Kg3 Rf1 37. Rc4 f5 38. b5 axb5 39. axb5 Kb6 40. Rb4 h4+ 41. Kh2 Rf4 42. Rxf4 gxf4 43. c4 Kc5 44. Kg1 f3 45. gxf3 f4 46. Kf2 1-0